[Event "Euskadi ch 2008"]
[Site "Zornotza ESP"]
[Date "2008.03.29"]
[Round "6.9"]
[White "Prieto Aranguren, Alain"]
[Black "Hernandez Perez, Jesus"]
[Result "1-0"]
[WhiteElo "2177"]
[BlackElo "2043"]
[PlyCount "84"]
[EventDate "2008.03.24"]
[EventType "swiss"]
[EventRounds "7"]
[EventCountry "ESP"]
[Source "lmi"]
[SourceDate "2008.03.24"]

1. d4 e6 2. e4 d5 3. e5 c5 4. c3 Nc6 5. Nf3 Qb6 6. a3 c4 7. g3 Bd7 8. Bh3 Nh6
9. O-O Nf5 10. g4 Nh6 11. Nh4 Be7 12. Ng2 O-O-O 13. Nd2 Ng8 14. b3 cxb3 15.
Nxb3 Na5 16. Nxa5 Qxa5 17. Bd2 Qa4 18. Qf3 f6 19. exf6 Nxf6 20. Bf4 Ne4 21. c4
Bd6 22. Bxd6 Nxd6 23. cxd5 exd5 24. Qxd5 Bc6 25. Rfc1 Kb8 26. Qe5 Rhe8 27. Qxg7
Ne4 28. Ne3 Rd7 29. Qh6 Rxd4 30. Bg2 Rd2 31. Qf4+ Nd6 32. Rc4 Qa6 33. Bxc6 Rxe3
34. Qxe3 Nxc4 35. Qf4+ Rd6 36. Be4 Nd2 37. Qf8+ Kc7 38. Rc1+ Nc4 39. Qf7+ Kd8
40. Qxc4 Qxa3 41. Qc8+ Ke7 42. Rc7+ Kf6 1-0

[Event "Euskadi ch 2008"]
[Site "Zornotza ESP"]
[Date "2008.03.29"]
[Round "6.10"]
[White "Axpe Balenciaga, Iñigo"]
[Black "Villalta Bustillo, Igor"]
[Result "0-1"]
[WhiteElo "2167"]
[BlackElo "2119"]
[PlyCount "62"]
[EventDate "2008.03.24"]
[EventType "swiss"]
[EventRounds "7"]
[EventCountry "ESP"]
[Source "lmi"]
[SourceDate "2008.03.24"]

1. d4 d5 2. c4 e6 3. Nc3 Nf6 4. Bg5 Be7 5. Nf3 h6 6. Bf4 c6 7. e3 Nbd7 8. Rc1
a6 9. Bd3 dxc4 10. Bxc4 b5 11. Bb3 Bb7 12. O-O O-O 13. a4 b4 14. Ne2 c5 15. Ne5
Nxe5 16. Bxe5 Rc8 17. Nf4 Qb6 18. Qd3 Rfd8 19. Rfd1 Be4 20. Qe2 Nd7 21. dxc5
Bxc5 22. a5 Qb7 23. f3 Bf5 24. g4 Nxe5 25. Rxd8+ Rxd8 26. Kf2 Nd3+ 27. Nxd3
Bxd3 28. Qd2 Be7 29. e4 Bg5 30. f4 Bh4+ 31. Kg1 Qa7+ 0-1

[Event "Euskadi ch 2008"]
[Site "Zornotza ESP"]
[Date "2008.03.29"]
[Round "6.11"]
[White "Sanz Perez, Eduardo"]
[Black "Perez De Miguel, Alvaro"]
[Result "0-1"]
[WhiteElo "2161"]
[BlackElo "2123"]
[PlyCount "86"]
[EventDate "2008.03.24"]
[EventType "swiss"]
[EventRounds "7"]
[EventCountry "ESP"]
[Source "lmi"]
[SourceDate "2008.03.24"]

1. f4 e5 2. fxe5 d6 3. exd6 Bxd6 4. Nf3 g5 5. g3 g4 6. Nh4 Ne7 7. e4 Ng6 8. Nf5
h5 9. d4 h4 10. Qxg4 Nc6 11. Bc4 Nxd4 12. O-O Nxf5 13. exf5 Bc5+ 14. Kg2 h3+
15. Kh1 Qf6 16. Bxf7+ Qxf7 17. Qxg6 Bd7 18. Re1+ Kd8 19. Rd1 Re8 20. Nc3 Qxg6
21. fxg6 Kc8 22. Nd5 Bg4 23. Be3 Bxd1 24. Rxd1 Bxe3 25. g7 Bg5 26. Kg1 c6 27.
Rf1 Kd7 28. Rf5 cxd5 29. Rxd5+ Kc6 30. Rxg5 Rad8 31. Kf2 Rg8 32. Ke3 Rd7 33.
Rh5 Rgxg7 34. Rxh3 Rh7 35. Rxh7 Rxh7 36. h4 Kd5 37. Kf4 Ke6 38. c4 Kf6 39. b3
Rd7 40. Kg4 Kg6 41. Kf4 Rd2 42. Ke5 Rxa2 43. b4 Ra4 0-1

[Event "Euskadi ch 2008"]
[Site "Zornotza ESP"]
[Date "2008.03.29"]
[Round "6.13"]
[White "Urbieta Gabancho, Koldo"]
[Black "Ibarretxe Campo, Lander"]
[Result "0-1"]
[WhiteElo "2018"]
[BlackElo "2113"]
[PlyCount "70"]
[EventDate "2008.03.24"]
[EventType "swiss"]
[EventRounds "7"]
[EventCountry "ESP"]
[Source "lmi"]
[SourceDate "2008.03.24"]

1. e4 c6 2. d4 d5 3. Nc3 dxe4 4. Nxe4 Nf6 5. Ng3 g6 6. c3 Bg7 7. Bd3 Nbd7 8.
Nf3 O-O 9. O-O b6 10. Re1 Bb7 11. Qe2 Re8 12. Ba6 Qc8 13. Bxb7 Qxb7 14. Bg5 h6
15. Bf4 Nd5 16. Bd2 Rad8 17. c4 N5f6 18. Bc3 e6 19. Ne5 Nxe5 20. dxe5 Nd7 21.
b4 Qc7 22. f4 f5 23. Rad1 Nf8 24. c5 bxc5 25. bxc5 Rd5 26. Qc4 Nd7 27. Bb4 Bf8
28. Rxd5 cxd5 29. Qc2 Bxc5+ 30. Kh1 Rb8 31. Bd2 Qb6 32. Qa4 Qb5 33. Qd1 Qd3 34.
Rf1 Rb2 35. Qa4 Qxd2 0-1